PC Tools 8 Instant Reference

Bibliographic Details
Main Author: Strybel, David J.
Format: Book
Language:English
Published: Singapore : Tech Publ. , c1993
Subjects:

MARC

LEADER 00000cam a2200000 7i4500
001 0000003940
005 20230516.0
008 991207 si eng
020 |a 9812143130 (pbk) 
040 |a INS 
090 0 0 |a QA76.76   |b .S928 1993 
100 1 |a Strybel, David J. 
245 1 0 |a PC Tools 8 Instant Reference   |c David J. Strybel 
260 |a Singapore :   |b Tech Publ. ,   |c c1993 
300 |a xxi, 259p. ;   |c 19 cm. 
500 |a Includes index 
650 0 0 |a Computer program 
650 0 0 |a PC Tools(Computer program) 
999 |a 0000005188   |b BOOK   |c Open Shelf   |e Default branch